| 000 | 00445nam a22001817a 4500 | ||
|---|---|---|---|
| 005 | 20260410162423.0 | ||
| 008 | 260410b |||||||| |||| 00| 0 eng d | ||
| 020 |
_a9788121927024 _c875.00 |
||
| 040 | _aMAIN | ||
| 041 | _aEnglish | ||
| 082 |
_a332.6 _bBHA |
||
| 100 |
_aBhalla,V. K. _95343 |
||
| 245 | _aFundamentals of Investment Management | ||
| 260 |
_aNew Delhi _bS.Chand _c2006 |
||
| 300 | _a676 | ||
| 650 | _aManagement | ||
| 942 | _cBK | ||
| 999 |
_c60596 _d60596 |
||